Терносливы Млеева= (Record no. 452354)
[ view plain ]
| 000 -LEADER | |
|---|---|
| fixed length control field | 01095nam a22002297a 4500 |
| 003 - CONTROL NUMBER IDENTIFIER | |
| control field | AM-YEHGA |
| 005 - DATE AND TIME OF LATEST TRANSACTION | |
| control field | 20250617160403.0 |
| 008 - FIXED-LENGTH DATA ELEMENTS--GENERAL INFORMATION | |
| fixed length control field | 201009s ||||| |||| 00| 0 rus d |
| 040 ## - CATALOGING SOURCE | |
| Original cataloging agency | AM-YeHGA |
| 041 0# - LANGUAGE CODE | |
| Language code of text/sound track or separate title | rus |
| 090 ## - LOCALLY ASSIGNED LC-TYPE CALL NUMBER (OCLC); LOCAL CALL NUMBER (RLIN) | |
| -- | 455309 |
| 100 1# - MAIN ENTRY--PERSONAL NAME | |
| Personal name | Козьманов, С.И. |
| 245 10 - TITLE STATEMENT | |
| Title | Терносливы Млеева= |
| Remainder of title | The insititia plums of Mleew / |
| Statement of responsibility, etc. | С.И. Козьманов и Ю.И. Хоментовский; НКЗ СССР, ВАСХНИЛ, Эксперим. база в Млееве, Отд. генетики, селекции, сортоиспытания и стандартизации. |
| 246 31 - VARYING FORM OF TITLE | |
| Title proper/short title | The insititia plums of Mleew |
| 260 ## - PUBLICATION, DISTRIBUTION, ETC. | |
| Place of publication, distribution, etc. | Киев : |
| Name of publisher, distributor, etc. | [б. и.], |
| Date of publication, distribution, etc. | 1931. |
| 300 ## - PHYSICAL DESCRIPTION | |
| Extent | 95 с. : |
| Other physical details | [4] л. ил. : ил. |
| 490 1# - SERIES STATEMENT | |
| Series statement | Труды / Всесоюзный исследовательский институт плодового и ягодного хозяйства ; |
| Volume/sequential designation | Вып. 2 |
| 653 0# - INDEX TERM--UNCONTROLLED | |
| Uncontrolled term | Плодоводство |
| 653 0# - INDEX TERM--UNCONTROLLED | |
| Uncontrolled term | Косточковые плодовые |
| 700 1# - ADDED ENTRY--PERSONAL NAME | |
| Personal name | Хоментовский, Ю.И. |
| 942 ## - ADDED ENTRY ELEMENTS (KOHA) | |
| Source of classification or shelving scheme | Universal Decimal Classification |
| Koha item type | Գրքեր / Books |
| Withdrawn status | Lost status | Source of classification or shelving scheme | Damaged status | Not for loan | Collection | Home library | Current library | Date acquired | Total checkouts | Full call number | Barcode | Date last seen | Price effective from | Koha item type |
|---|---|---|---|---|---|---|---|---|---|---|---|---|---|---|
| Universal Decimal Classification | General | Fundamental Scientific Library | Fundamental Scientific Library | 09/10/2020 | PII/658716 | FL0633651 | 09/10/2020 | 09/10/2020 | Գրքեր / Books |
ՀՀ Գիտությունների ազգային ակադեմիայի հիմնարար գիտական գրադարան = Fundamental Scientific Library of NAS RA
All site content, except where otherwise noted, is licensed under a